[Event "Casino op 3rd"]
[Site "Velden"]
[Date "1995.??.??"]
[Round "7"]
[White "Schwarz, Gernot"]
[Black "Wagner, Stephan"]
[Result "1/2-1/2"]
[WhiteElo "1904"]
[BlackElo "1731"]
[PlyCount "125"]
[EventDate "1995.06.30"]
[EventType "swiss"]
[EventRounds "9"]
[EventCountry "AUT"]
[SourceTitle "EXT 2022"]
[Source "ChessBase"]
[SourceDate "2021.10.06"]
[SourceVersion "1"]
[SourceVersionDate "2021.10.06"]
[SourceQuality "1"]

1. d4 d5 2. Nf3 Nf6 3. Bf4 e6 4. e3 c5 5. c3 Nc6 6. Bd3 Bd7 7. Nbd2 Rc8 8. 0-0 Be7 9. h3 0-0 10. Nh2 cxd4 11. exd4 a6 12. g4 b5 13. a3 Na5 14. g5 Ne8 15. Ndf3 Nc4 16. Rb1 Bd6 17. Ne5 Qc7 18. Nhg4 Nxe5 19. Nxe5 Rb8 20. h4 a5 21. Rc1 Qa7 22. Be3 b4 23. axb4 axb4 24. c4 dxc4 25. Nxd7 Qxd7 26. Bxc4 Nc7 27. Ra1 Ra8 28. Qf3 Qe7 29. Bd3 Nd5 30. Qe4 g6 31. Bd2 Rfc8 32. Kg2 Qb7 33. f4 Bf8 34. h5 Bg7 35. hxg6 hxg6 36. Kf3 Qb6 37. Be3 Rxa1 38. Rxa1 Nxe3 39. Kxe3 Rd8 40. Ra6 Qxd4+ 41. Qxd4 Bxd4+ 42. Ke2 Bxb2 43. Be4 Kg7 44. Rb6 Bc3 45. Rb7 Bd2 46. Kf3 Rc8 47. Bd3 Rc3 48. Ke4 Bxf4 49. Kxf4 Rxd3 50. Rxb4 Rd5 51. Ra4 Rf5+ 52. Kg4 Kf8 53. Ra7 e5 54. Rb7 Rf4+ 55. Kg3 Ke8 56. Ra7 Rd4 57. Kf3 Rd7 58. Ra8+ Ke7 59. Ke4 Ke6 60. Re8+ Re7 61. Rxe7+ Kxe7 62. Kxe5 Ke8 63. Ke4 1/2-1/2

[Event "Casino op 3rd"]
[Site "Velden"]
[Date "1995.??.??"]
[Round "6"]
[White "Stada, E."]
[Black "Schwarz, Gernot"]
[Result "1-0"]
[WhiteElo "1967"]
[BlackElo "1904"]
[PlyCount "83"]
[EventDate "1995.06.30"]
[EventType "swiss"]
[EventRounds "9"]
[EventCountry "AUT"]
[SourceTitle "EXT 2022"]
[Source "ChessBase"]
[SourceDate "2021.10.06"]
[SourceVersion "1"]
[SourceVersionDate "2021.10.06"]
[SourceQuality "1"]

1. d4 e6 2. Nf3 f5 3. g3 Nf6 4. Bg2 d5 5. b3 Bd6 6. 0-0 Qe7 7. c4 c6 8. Bb2 0-0 9. Nbd2 Nbd7 10. Ne5 c5 11. e3 b6 12. Ndf3 Bb7 13. Qe2 Rac8 14. dxc5 Nxc5 15. Rfd1 Nce4 16. Nd2 Nxd2 17. Rxd2 Qc7 18. Nf3 dxc4 19. bxc4 Ne4 20. Rc2 Ba6 21. Rac1 Rfd8 22. Nd4 Qe7 23. Bxe4 fxe4 24. Qg4 Be5 25. Qxe4 Bxd4 26. exd4 Qf7 27. f4 Bb7 28. Qe5 Re8 29. Re2 Ba8 30. Kf2 Rcd8 31. Qg5 Qf5 32. Qxf5 exf5 33. d5 Rxe2+ 34. Kxe2 g6 35. Be5 Kf7 36. Rb1 Bb7 37. Ke3 Rc8 38. Kd4 Ke7 39. Rb5 Ba6 40. Rb4 Kd7 41. Ra4 b5 42. Rxa6 1-0